000 00236nam a2200097Ia 4500
001 915189
005 20250826185829.0
008 250824s9999 xx 000 0 und d
245 0 _aÇIRAK
_cŞERMİN YAŞAR
260 _bTAZE KİTAP YAYINLARI
999 _c915189
_d915189